| 000 | 00522nam a2200205Ia 4500 | ||
|---|---|---|---|
| 005 | 20260429112132.0 | ||
| 008 | 260429s9999||||xx |||||||||||||| ||und|| | ||
| 020 | _a9789354799198 | ||
| 041 | _aEnglish | ||
| 082 |
_a658.8 _bHUL |
||
| 100 | _aHulten, Bertil | ||
| 245 | 0 |
_aSensory marketing : _ban introduction / _cBertil Hulten |
|
| 250 | _a1st ed. | ||
| 260 |
_aNew Delhi : _bSage, _c2025. |
||
| 300 | _aix, 230 p.; pbk | ||
| 650 | _a Neuromarketing | ||
| 650 | _a Sensory | ||
| 650 | _aMarketing | ||
| 942 | _cTB | ||
| 999 |
_c52531 _d52531 |
||